Calculus gems : brief lives and memorable mathematics /
Guardado en:
| Autor Principal: | |
|---|---|
| Formato: | Libro |
| Idioma: | English |
| Publicado: |
New York :
McGraw-Hill,
c1992.
|
| Materias: | |
| Etiquetas: |
Agregar Etiqueta
Sin Etiquetas, Sea el primero en etiquetar este registro!
|
| LEADER | 00828cam a2200241 a 4500 | ||
|---|---|---|---|
| 001 | MAT.inmabb003183 | ||
| 008 | 911028s1992####nyua#####b####001#0deng## | ||
| 005 | 20130208181441.0 | ||
| 245 | 1 | 0 | |a Calculus gems : |b brief lives and memorable mathematics / |c George F. Simmons ; with portraits by Maceo Mitchell. |
| 260 | |a New York : |b McGraw-Hill, |c c1992. | ||
| 300 | |a xiv, 355 p. : |b il. ; |c 23 cm. | ||
| 504 | |a Incluye referencias bibliográficas e índice. | ||
| 510 | 4 | |a MR, |c 94m:01036 | |
| 020 | |a 0070575665 | ||
| 100 | 1 | |a Simmons, George Finlay, |d 1925- | |
| 246 | 3 | 0 | |a Gems |
| 650 | 0 | |a Mathematics |x History. | |
| 650 | 0 | |a Mathematicians |x Biography. | |
| 650 | 0 | |a Calculus |x History. | |
| 084 | |a 01A70 (00A05 26-03 26A06) |2 msc2000 | ||
| 010 | |a 91041213 | ||
| 040 | |a DLC |c DLC |d DLC | ||
| 859 | |h 01A70 |i Si592 |p A-6600 |b BIB. MATEMATICA | ||
